Handbook of Well Log Analysis: For Oil and Gas Formation Evaluation /
Dirigido a analistas en la evaluación de las propiedades de reservas de roca, es una aproximación unificada y un programa lógico para el pronóstico en una buena productividad de petróleo y gas.
保存先:
| 第一著者: | |
|---|---|
| フォーマット: | 図書 |
| 言語: | 英語 |
| 出版事項: |
Englewood Cliffs, EUA :
Prentice-Hall,
1963
|
| 主題: | |
| タグ: |
タグなし, このレコードへの初めてのタグを付けませんか!
|
MARC
| LEADER | 00000nam^a2200000^a^4500 | ||
|---|---|---|---|
| 001 | 000019858 | ||
| 005 | 20250521000000.0 | ||
| 009 | 20260310084314.561 | ||
| 037 | |a Acervo ITESO - Biblioteca | ||
| 041 | |a ING | ||
| 082 | |a 665. 5 |b PIR | ||
| 100 | |a Pirson, Sylvain J. |e (autor) | ||
| 245 | 1 | 0 | |a Handbook of Well Log Analysis: For Oil and Gas Formation Evaluation / |c S.J. Pirson. |
| 264 | 1 | |a Englewood Cliffs, EUA : |b Prentice-Hall, |c 1963 | |
| 300 | |a 326 p. | ||
| 336 | |a texto |b txt |2 rdacontenido | ||
| 337 | |a sin mediación |b n |2 rdamedio | ||
| 338 | |a volumen |b nc |2 rdasoporte | ||
| 520 | |a Dirigido a analistas en la evaluación de las propiedades de reservas de roca, es una aproximación unificada y un programa lógico para el pronóstico en una buena productividad de petróleo y gas. | ||
| 649 | |a XX | ||
| 650 | |a Petróleo | ||
| 650 | |a Minería | ||
| 910 | |a Fondo General | ||
| 920 | |a Impresos - Libros | ||
| 930 | |a Colección General | ||
| 905 | |a 101 | ||
| 901 | |a 0198580100 |b IT1 |c ACC |i 019858 |u 20250521 | ||
| 902 | |a https://opac.biblio.iteso.mx/vufind/Record/000019858 | ||